Spectral analysis of time series (Record no. 626266)

MARC details
000 -LEADER
fixed length control field 00860nam a2200229Ia 4500
003 - CONTROL NUMBER IDENTIFIER
control field OSt
005 - DATE AND TIME OF LATEST TRANSACTION
control field 20220926013550.0
008 - FIXED-LENGTH DATA ELEMENTS--GENERAL INFORMATION
fixed length control field 220923b |||||||| |||| 00| 0 eng d
037 ## - SOURCE OF ACQUISITION
Terms of availability General Book
040 ## - CATALOGING SOURCE
Original cataloging agency RTL
Transcribing agency RTL
Language of cataloging eng
041 ## - LANGUAGE CODE
Source of code eng
Language code of text/sound track or separate title eng
100 ## - MAIN ENTRY--PERSONAL NAME
Personal name Harris Bernard Ed.
245 #0 - TITLE STATEMENT
Title Spectral analysis of time series
Remainder of title proceedings of an advanced seminar conducted by the mathematics research center, United States army and the statistics department at the University of Wisconsin, Madison October 3-5, 1966
260 ## - PUBLICATION, DISTRIBUTION, ETC.
Place of publication, distribution, etc. New York
Name of publisher, distributor, etc. John Wiley
Date of publication, distribution, etc. 1967
300 ## - PHYSICAL DESCRIPTION
Extent x,319p.
Dimensions cm.
490 ## - SERIES STATEMENT
Series statement University of Wisconsin, Mathematics Research Center United States Army,18
942 ## - ADDED ENTRY ELEMENTS (KOHA)
Classification part B286, K7
Koha item type General Books
Source of classification or shelving scheme Colon Classification (CC)
Holdings
Withdrawn status Lost status Damaged status Not for loan Home library Current library Date acquired Total Checkouts Full call number Barcode Date last seen Price effective from Koha item type
        Ratan Tata Library Ratan Tata Library 2022-09-26   B286 K7 RT0044682 2022-09-26 2022-09-26 General Books
Copyright @ Delhi University Library System